Top 20 Joueurs de tennis espagnols ATP depuis 1990 - Statistiques

Statistiques générales
  • Ce quiz a été pris 56 fois
  • Le résultat moyen est 10 sur 20
Statistiques - réponses
Points Jetpunk Joueur % Correct
1064 Rafael NADAL
100%
261 Carlos ALCARAZ
98%
261 David FERRER
94%
165 Juan Carlos FERRERO
85%
73 Roberto BAUTISTA AGUT
72%
180 Carlos MOYA
68%
60 Pablo CARRENO BUSTA
64%
142 Sergi BRUGUERA
51%
97 Albert COSTA
45%
129 Alex CORRETJA
45%
36 Carlos COSTA
45%
73 Nicolas ALMAGRO
45%
73 Feliciano LOPEZ
40%
84 Fernando VERDASCO
40%
99 Tommy ROBREDO
26%
61 Alberto BERASATEGUI
21%
62 Felix MANTILLA
15%
44 Emilio SANCHEZ
11%
24 Albert MONTANES
6%
36 Francisco CLAVET
2%
Aucun quiz correspondant
Distribution des résultats
% des personnes avec chaque résultat
Percentile par nombre de réponses
Votre historique - résultats
Vous n’avez pas pris ce quiz